000 003930000a22001450004500
082 0 4 _aG CTD F228s
100 1 _aFaris. Lillie A.
245 1 0 _aStandar Bible Story Readers / Lillie A. Faris , il. : O.A. Stemler
260 _aCincinnati : The Standar Publishing
300 _a128 P.
500 _aIncluye canciones en partitura
650 1 4 _aLiteratura Infantil
001 866
942 _cLGB
999 _c48070
_d48070